Νομιμοποίηση μέσω διαδικασίας
Αποθηκεύτηκε σε:
| Κύριος συγγραφέας: | |
|---|---|
| Άλλοι συγγραφείς: | |
| Μορφή: | Βιβλίο |
| Γλώσσα: | Greek German |
| Δημοσίευση: |
Αθήνα :
Κριτική,
c1995.
|
| Σειρά: | Γλώσσα - Θεωρία - Πράξη ;
11 |
| Θέματα: | |
| Ετικέτες: |
Προσθήκη ετικέτας
Δεν υπάρχουν, Καταχωρήστε ετικέτα πρώτοι!
|
MARC
| LEADER | 00000cam a2200000 i 4500 | ||
|---|---|---|---|
| 001 | 1/78757 | ||
| 008 | 050615s1995 gr | ||| |||| ||gre|| | ||
| 020 | |a 9602181745 | ||
| 035 | |l 10078587 | ||
| 040 | |a GR-MyUA |b gre |e AACR2 | ||
| 041 | 1 | |a gre |h ger | |
| 082 | 7 | |a 320.011 |2 (22) | |
| 100 | 1 | |a Luhmann, Niklas, |d 1927-1998. | |
| 245 | 1 | 0 | |a Νομιμοποίηση μέσω διαδικασίας / |c Niklas Luhmann ; μετάφραση Κωνσταντίνος Βαθιώτης. |
| 260 | |a Αθήνα : |b Κριτική, |c c1995. | ||
| 300 | |a 389 σ. ; |c 21 εκ. | ||
| 490 | 1 | |a (Γλώσσα - Θεωρία - Πράξη ; |v 11) | |
| 500 | |a Το παράρτημα Μυτιλήνης διαθέτει την 1η ανατύπωση του 1999. | ||
| 500 | |a Τίτλος πρωτοτύπου: Legitimation durch Verfahren. | ||
| 504 | |a Περιέχει βιβλιογραφικές παραπομπές και ευρετήριο. | ||
| 650 | 0 | |a Legitimacy of governments. | |
| 700 | 1 | |a Βαθιώτης, Κωνσταντίνος Ι. |e trl | |
| 830 | 0 | |a Γλώσσα - Θεωρία - Πράξη ; |v 11 | |
| 852 | |a INST |b LESVOS |e 20050615 |h 320.011 LUH |p 005100032182 |q 005100032182 |t BK |y 0 | ||
| 852 | |a INST |b SYROS |e 20210413 |h 320.011 LUH |p 005500014281 |q 005500014281 |t BK |y 0 | ||
| 901 | |a BIBL1-2005-2 | ||
| 920 | |a ΕΠΕΑΕΚ ΚΟΙΝΩΝΙΚΗΣ ΑΝΘΡΩΠΟΛΟΓΙΑΣ ΚΑΙ ΙΣΤΟΡΙΑΣ |y Λέσβος |z 2004-12 | ||
| 970 | |a ΚΑΡΑ |b ΓΙΑΣΕΜΗ |z 2005/06/15 | ||